000 00480nam a2200193Ia 4500
003 OSt
005 20250821155938.0
008 250729s2006 xx 000 0 und d
020 _a978-8126119233
040 _cAL
041 _aeng
082 _a001.51 QURM
100 _aQureshi Hasnain
_9221715
245 _aModern teaching computer Science
260 _aNew Delhi
_bAnmol Publisher
_c2006
300 _a346p
650 _aComputer Education
_9221716
942 _2ddc
_cBED
999 _c235143
_d235143